000 00709nam a22002297a 4500
003 UA-OsUOA
001 56461
007 ta
008 20081029b un ||||| |||| 00| 0 ukr d
100 _aТимченко О.М.
700 _aСибірянська Ю.В.
090 _a330(477)
_bТ41
942 _cSA
040 _aUA-OsUOA
_bukr
_cUA-OsUOA
_dUA-OsUOA
245 _aОптимізаці структури доходів бюджету: застосування рейтингової оцінки
300 _aС.17-28
955 _a0
041 _aukr
080 _a330(477)
773 0 _w56459
_tФінанси України
_dК.
_d2008
_g7
650 7 _a330 Економіка взагалі
_2UDC
999 _c342549
_d342549